Statistics for Doctor Who: the First Doctor episodes

Click here to take the quiz!

General Stats

  • This quiz has been taken 33 times
  • The average score is 22 of 28

Answer Stats

SeasonEpisode% Correct
1An Unearthly Child
100%
1The Daleks
100%
1The Edge of Destruction
93%
4The Tenth Planet
93%
1Marco Polo
90%
1The Aztecs
90%
2The Dalek Invasion of Earth
86%
2The Chase
83%
3The Dalek's Master Plan
83%
1The Keys of Marinus
83%
2The Romans
83%
2The Space Museum
79%
3The War Machines
79%
2The Web Planet
79%
2The Rescue
76%
3The Savages
76%
2The Time Meddler
76%
3Galaxy 4
72%
2Planet of Giants
69%
3The Ark
69%
3The Gunfighters
69%
3The Myth Makers
69%
1The Reign of Terror
69%
4The Smugglers
69%
3Mission to the Unknown
66%
2The Crusade
66%
3The Celestial Toymaker
62%
3The Massacre of St Bartholemew's Eve
59%

Score Distribution

Percentile by Number Answered

Percent of People with Each Score

Your Score History

You have not taken this quiz